| 000 | 00852nam a2200217 i 4500 | ||
|---|---|---|---|
| 001 | 62718 | ||
| 003 | ES-MaACL | ||
| 005 | 20230906164722.0 | ||
| 007 | t| | ||
| 008 | 031125s1974 sp ||||1| spa d | ||
| 100 | 1 |
_aFernández Lalcona, Javier. _949862 |
|
| 245 | 1 | 3 |
_aEl idealismo político de Ortega y Gasset _b: un análisis sintético de la evolución de su filosofía política / _cJavier F. Lalcoma. |
| 260 |
_aMadrid : _bCuadernos para el Diálogo, _c1974. |
||
| 300 |
_a370 p. ; _c18 cm. |
||
| 490 | 1 |
_aDivulgación universitaria. Cuestiones españolas ; _v64 |
|
| 600 | 1 | 4 |
_aOrtega y Gasset, José, _d1883-1955- _xCrítica e interpretación _987505 |
| 710 | 2 |
_aCuadernos para el Diálogo. _93333 |
|
| 830 | 1 |
_aDivulgación universitaria. Cuestiones españolas ; _v64 _9176519 |
|
| 852 |
_aES-MaACL _jE-6697 |
||
| 999 |
_c62718 _d62718 |
||